| 000 | 01175nam a2200289 i 4500 | ||
|---|---|---|---|
| 001 | 19433 | ||
| 003 | ES-MaACL | ||
| 005 | 20230906152108.0 | ||
| 007 | t| | ||
| 008 | 020826s2002 sp a 00110bspa d | ||
| 020 | _a84-9734-033-7 | ||
| 080 | _a929 Parshina, Elizaveta | ||
| 080 | _a94(460)"1936/39"(093.3) | ||
| 100 | 1 |
_aParshina, Elizaveta. _989282 |
|
| 245 | 1 | 3 |
_aLa brigadista _b: diario de una dinamitera de la guerra civil / _c[Elizaveta Parshina] ; traducción de Dimitri Fernández Bobrovski. |
| 250 | _a1ª ed. | ||
| 260 |
_aMadrid : _bLa Esfera de los Libros, _c2002. |
||
| 300 |
_a350 p. : _bil. ; _c25 cm. |
||
| 490 | 1 | _aLa Esfera historia | |
| 594 | _aElizaveta Parshina o Josefa Pérez Herrera, nombre con el que la conocieron los españoles, fue una de los miles de mujeres y hombres que vinieron a luchar voluntarios a España durante la guerra civil. | ||
| 600 | 1 | 4 |
_aParshina, Elizaveta. _989282 |
| 651 | 4 |
_aEspaña- _xHistoria- _y1936-1939, Guerra civil- _vRelatos personales rusos. _9155322 |
|
| 700 | 1 |
_aFernández Bobrovski, Dimitri. _949518 |
|
| 830 | 1 |
_aLa Esfera historia _9183046 |
|
| 852 |
_aES-MaACL _jL-25866 |
||
| 999 |
_c19433 _d19433 |
||